Budapesti szórakozóhelyek, mint rendezvényhelyszínek aktuális gazdasági problémái napjainkban
| Szerző: | |
|---|---|
| További közreműködők: | |
| Dokumentumtípus: | Diplomadolgozat |
| Kulcsszavak: | élménygazdaság rendezvényszervezés szórakozóhely szórakoztatóipar vendéglátás |
| Online Access: | http://dolgozattar.uni-bge.hu/60259 |
MARC
| LEADER | 00000nta a2200000 i 4500 | ||
|---|---|---|---|
| 001 | dolg60259 | ||
| 005 | 20260409150216.0 | ||
| 008 | 260409suuuu hu om 000 hun d | ||
| 040 | |a BGE Dolgozattár Repozitórium |b hun | ||
| 041 | |a hu | ||
| 100 | 1 | |a Fogasy Félix Gergely | |
| 245 | 1 | 0 | |a Budapesti szórakozóhelyek, mint rendezvényhelyszínek aktuális gazdasági problémái napjainkban |c Fogasy Félix Gergely |h [elektronikus dokumentum] |
| 520 | 3 | |a A dolgozat célja a budapesti éjszakai szórakozóhelyek, különösen a Club Astra működésének vizsgálata a gazdasági, társadalmi és kulturális átalakulások tükrében. A kutatás szekunder adatelemzésre, interjúkra és kérdőíves felmérésre épült. Az eredmények alapján a szórakozóhelyek sikeressége erősen függ a közösségi élményt nyújtó márkaépítéstől, a programstruktúra rugalmasságától, a szolgáltatás minőségétől és a digitális jelenléttől. A dolgozat javaslatokat fogalmaz meg a fenntartható működés és alkalmazkodás érdekében. | |
| 695 | |a élménygazdaság | ||
| 695 | |a rendezvényszervezés | ||
| 695 | |a szórakozóhely | ||
| 695 | |a szórakoztatóipar | ||
| 695 | |a vendéglátás | ||
| 700 | 1 | |a Róbert Nóra |e ths | |
| 856 | 4 | 0 | |u http://dolgozattar.uni-bge.hu/60259/1/FFG_KVIK_v%C3%A9gleges_BVFJ58.pdf |z Dokumentum-elérés |
| 856 | 4 | 0 | |u http://dolgozattar.uni-bge.hu/60259/2/Fogasy%20Felix_konzulens_R%C3%B3bert%20N%C3%B3ra.pdf |z Dokumentum-elérés |
| 856 | 4 | 0 | |u http://dolgozattar.uni-bge.hu/60259/3/Fogasy%20F%C3%A9lix_Opponens_Trencs%C3%A9nyi_Judit.pdf |z Dokumentum-elérés |